000 04374cam a22012854i 4500
003 PE-LiUPU
005 20250813185623.0
008 150706s2006 mx a rb 000 0 spa d
020 _a9789682474552
035 _a(Sirsi) i9789682474552
040 _aPE-LiUPU
_bspa
_cPE-LiUPU
_erda
049 _aPRUA
082 0 4 _a159.922
_bG25
_221
100 1 _aGarcía González, Enrique,
_eautor.
245 1 3 _aLa psicología de Vigotski en la enseñanza preescolar /
_cEnrique García González.
264 1 _aMéxico, D.F. :
_bTrillas,
_c2006.
300 _a96 páginas ;
_c23 centímetros
336 _atext
_2rdacontent
337 _aunmediated
_2rdamedia
338 _avolume
_2rdacarrier
505 0 _a¿Por qué Vigotski? -- Su vida -- La importancia del juego en el desarrollo mental -- Lenguaje y educación -- Imaginación y creatividad -- Las crisis de la edad y la zona de desarrollo proximal -- Las áreas centrales de desarrollo -- El desarrollo cultural de la percepción -- El desarrollo cultural de la memoria -- La atención -- La abstracción -- SAC: una estrategia pedagógica a nivel preescolar -- El nuevo constructivismo -- La expresión narrativa -- La expresión gráfica: el dibujo infantil -- El niño con necesidades especiales: hacia una cultura de la inclusión.
526 _aP202
526 _aP201
526 _aP163
526 _aP162
526 _aP161
526 _aP160
526 _aP148
526 _aP147
526 _aP146
526 _aP145
526 _aP144
526 _aP143
526 _aP142
526 _aP141
526 _aP140
526 _aP139
526 _aP138
526 _aP137
526 _aP136
526 _aP135
526 _aP134
526 _aP133
526 _aP129
526 _aP128
526 _aP127
526 _aP120
526 _aP119
526 _aP118
526 _aP116
526 _aP115
526 _aP114
526 _aP110
526 _aP109
526 _aP108
526 _aP104
526 _aP103
526 _aP102
526 _aP99
526 _aP98
526 _aP97
526 _aP96
526 _aP95
526 _aP93
526 _aP90
526 _aP89
526 _aP88
526 _aP83
526 _aP82
526 _aP62
526 _aP59
526 _aP58
526 _aP57
526 _aP51
526 _aP49
526 _aP48
526 _aP47
526 _aP29
526 _aP24
526 _aP20
526 _aP19
526 _aP17
526 _aP15
526 _aP14
526 _aP12
526 _aP10
526 _aP09
526 _aP08
526 _aP07
526 _aP06
526 _aP05
526 _aP04
526 _aP01
541 _g001-0037437;
541 _g001-0037437;
541 _g002-0000301;
600 1 _aVogotski, Lev Semenovich.
_d1896-1934
_xCrítica e interpretación
650 0 4 _aAprendizaje
_xPsicología.
650 0 4 _aEducación preescolar.
910 _agl
_cng
_d20130702
942 _2ddc
_cBOOK
949 _a372.0019 G25
_wDEWEY
_c1
_i67805
_lCCODEBUL1
_mBUL
_p12.00
_r0
_sY
_tBOOK
_u2015-7-6
_xSALUD
_PP33
_o.STAFF. Colección General
949 _a372.0019 G25
_wDEWEY
_c2
_i67806
_lCCODEBUL1
_mBUL
_p12.00
_r0
_sY
_tBOOK
_u2015-7-6
_xSALUD
_PP33
_o.STAFF. Colección General
949 _a159.922 G25 2006
_wDEWEY
_c1
_iFJ11595
_lCCODEBUJ1
_mBUJ
_p12.00
_r0
_sY
_tBOOK
_u2018-09-18
_xFSALUD
_zPSICOLOGÍA
_0COMPRA
_o.STAFF. Colección General Juliaca
994 _aC0
_bPEPRU
596 _a1 3
999 _a372.0019 G25
_wDEWEY
_c55331
_i67805
_d55331
_e2018-10-22
_f2019-12-10
_g4
_lCCODEBUL1
_mBUL
_n9
_p12.00
_q2
_r0
_sY
_tBOOK
_u2015-7-6
_xSALUD
_PP33
_0COMPRA
_o.STAFF. Colección Ciencias de la Salud
999 _a372.0019 G25
_wDEWEY
_c2
_i67806
_d2018-10-29
_e2018-10-19
_f2021-11-8
_g5
_lCCODEBUL1
_mBUL
_n8
_p12.00
_q2
_r0
_sY
_tBOOK
_u2015-7-6
_xEDUCACION
_PP33
_0COMPRA
_o.STAFF. Colección Ciencias de la Salud
999 _a159.922 G23 2006
_wDEWEY
_c1
_iFJ11595
_d2019-8-19
_e2019-8-15
_f2022-1-17
_g3
_lCCODEBUJ1
_mBUJ
_n1
_p12.00
_q2
_r0
_sY
_tBOOK
_u2018-9-18
_xSALUD
_PP33
_0COMPRA
_1FCOMPRA
_o.STAFF. Colección General Juliaca
980 _81
_gALBERTO SANCHEZ Responsable de Automatización